000 00552nam a2200193Ia 4500
008 101110s9999 xx 000 0 und d
041 _aMARATHI
082 _bSR23666
_a909.08
100 _aJoshi P.G.
245 _aAadhunik Jag ( Modern World ) ( 1501 Te 1990 ) B.A., M.A.
365 _b400
520 _aHistory
546 _aMARATHI
630 _aAadhunik Jag ( Modern World ) ( 1501 Te 1990 ) B.A., M.A.
650 _aHistory
655 _aHistory
730 _aAadhunik Jag ( Modern World ) ( 1501 Te 1990 ) B.A., M.A.
942 _cBOOK
999 _c816366
_d816363